जेल - जनरल : रोजनामचा (Record no. 29739)

MARC details
000 -LEADER
fixed length control field 00400nam a22001337a 4500
003 - CONTROL NUMBER IDENTIFIER
control field SGT
020 ## - INTERNATIONAL STANDARD BOOK NUMBER
International Standard Book Number 999331207X
082 ## - DEWEY DECIMAL CLASSIFICATION NUMBER
Classification number 891.4309
Item number J09K
100 ## - MAIN ENTRY--PERSONAL NAME
Personal name कोइराला, विश्वेश्वर प्रसाद
245 ## - TITLE STATEMENT
Title जेल - जनरल : रोजनामचा
260 ## - PUBLICATION, DISTRIBUTION, ETC. (IMPRINT)
Name of publisher, distributor, etc जगदम्बा प्रकाशन
Year of Publication 2009
300 ## - PAGE DESCRIPTION
No. of Pages 239
942 ## - ADDED ENTRY ELEMENTS (KOHA)
Source of classification or shelving scheme Dewey Decimal Classification
Koha item type Books
Holdings
Withdrawn status Lost status Source of classification or shelving scheme Damaged status Not for loan Home library Current library Shelving location Date acquired SGTU Total Checkouts Full call number Accession No. (Barcode) Date last seen Bill Date Koha item type
    Dewey Decimal Classification   Not For Loan SGT Chancellor's Library SGT Chancellor's Library Reference Book 08/02/2025 SGTU   891.4309 J09K CH2296 08/02/2025 08/02/2025 Books